Nihon no keizai tōsei : senji sengo no keiken to kyōkun /

Disimpan dalam:
Butiran Bibliografi
Pengarang Utama: Nakamura, Takafusa, 1925-
Format: Buku
Bahasa:Japanese
Diterbitkan: Tōkyō : Nihon Keizai Shinbunsha, Shōwa 49 [1974]
Siri:Nikkei shinsho ; 208
Subjek-subjek:
Penanda-penanda: Tambah Penanda
Tiada Penanda, Jadilah orang pertama menanda rekod ini!
LEADER 01167nam a2200325 a 4500
001 007764357-7
005 20024617115958.0
008 901105s1974 ja a l 000 0 jpn
010 |a 74806840 /J 
015 |a Ja74-10196 
035 0 |a ocm22987339 
035 0 |a ocm22987339  |z ocm23318759 
040 |a DLC  |c NN  |d OCoLC  |d *YNH*  |d CStRLIN 
043 |a a-ja--- 
050 0 |a HC462.8  |b .N25 
100 1 |6 880-01  |a Nakamura, Takafusa,  |d 1925- 
245 1 0 |6 880-02  |a Nihon no keizai tōsei :  |b senji sengo no keiken to kyōkun /  |c Nakamura Takafusa cho. 
260 |6 880-03  |a Tōkyō :  |b Nihon Keizai Shinbunsha,  |c Shōwa 49 [1974] 
300 |a 209 p. :  |b ill. ;  |c 18 cm. 
490 0 |6 880-04  |a Nikkei shinsho ;  |v 208 
500 |a Includes legislation. 
650 0 |a Central planning  |z Japan. 
651 0 |a Japan  |x Economic policy. 
651 0 |a Japan  |x Economic conditions  |y 1918-1945. 
880 1 |6 100-01  |a 中村隆英,  |d 1925- 
880 1 0 |6 245-02  |a 日本の経済統制 :  |b 戦時・戦後の経験と教訓 /  |c 中村隆英著. 
880 |6 260-03  |a 東京 :  |b 日本経済新聞社,  |c 昭和49 [1974] 
880 0 |6 490-04  |a 日経新書 ;  |v 208 
988 |a 20021214 
906 |0 DLC